2025年全重賞勝ち馬 - Statistics

General Stats
  • This quiz has been taken 25 times
  • The average score is 65 of 186
Answer Stats
月日 レース名 優勝馬 % Correct
4月20日 皐月賞(GⅠ) ミュージアムマイル
95%
9月15日 セントライト記念(GⅡ) ミュージアムマイル
95%
12月28日 有馬記念(GⅠ) ミュージアムマイル
95%
1月26日 アメリカJCC(GⅡ) ダノンデサイル
89%
2月16日 共同通信杯(GⅢ) マスカレードボール
89%
11月2日 天皇賞(秋)(GⅠ) マスカレードボール
89%
6月8日 安田記念(GⅠ) ジャンタルマンタル
84%
9月21日 オールカマー(GⅡ) レガレイラ
84%
11月16日 エリザベス女王杯(GⅠ) レガレイラ
84%
11月23日 マイルチャンピオンシップ(GⅠ) ジャンタルマンタル
84%
2月2日 根岸S(GⅢ) コスタノヴァ
79%
2月23日 フェブラリーS(GⅠ) コスタノヴァ
79%
6月1日 日本ダービー(GⅠ) クロワデュノール
79%
4月27日 フローラS(GⅡ) カムニャック
74%
5月25日 オークス(GⅠ) カムニャック
74%
6月15日 宝塚記念(GⅠ) メイショウタバル
74%
9月14日 ローズS(GⅡ) カムニャック
74%
2月15日 クイーンC(GⅢ) エンブロイダリー
68%
2月22日 ダイヤモンドS(GⅢ) ヘデントール
68%
高松宮記念(GⅠ) サトノレーヴ
68%
4月13日 桜花賞(GⅠ) エンブロイダリー
68%
4月26日 青葉賞(GⅡ) エネルジコ
68%
5月4日 天皇賞(春)(GⅠ) ヘデントール
68%
秋華賞(GⅠ) エンブロイダリー
68%
10月26日 菊花賞(GⅠ) エネルジコ
68%
みやこS(GⅢ) ダブルハートボンド
68%
12月7日 チャンピオンズC(GⅠ) ダブルハートボンド
68%
アンタレスS(GⅢ) ミッキーファイト
63%
7月2日 帝王賞(JpnⅠ) ミッキーファイト
63%
10月1日 日本テレビ盃(JpnⅡ) フォーエバーヤング
63%
JBCクラシック(JpnⅠ) ミッキーファイト
63%
4月6日 大阪杯(GⅠ) ベラジオオペラ
58%
5月11日 NHKマイルC(GⅠ) パンジャタワー
58%
5月18日 ヴィクトリアマイル(GⅠ) アスコリピチェーノ
58%
キーンランドC(GⅢ) パンジャタワー
58%
9月28日 スプリンターズS(GⅠ) ウインカーネリアン
58%
11月30日 ジャパンカップ(GⅠ) カランダガン
58%
1月12日 フェアリーS(GⅢ) エリカエクスプレス
53%
3月23日 阪神大賞典(GⅡ) サンライズアース
53%
3月26日 京浜盃(JpnⅡ) ナチュラルライズ
53%
4月29日 羽田盃(JpnⅠ) ナチュラルライズ
53%
6月11日 東京ダービー(JpnⅠ) ナチュラルライズ
53%
9月2日 不来方賞(JpnⅡ) ナルカミ
53%
10月8日 ジャパンダートクラシック(JpnⅠ) ナルカミ
53%
2月9日 東京新聞杯(GⅢ) ウォーターリヒト
47%
金鯱賞(GⅡ) クイーンズウォーク
47%
3月25日 黒船賞(JpnⅢ) シャマル
47%
4月9日 川崎記念(JpnⅠ) メイショウハリオ
47%
4月19日 中山グランドジャンプ(J・GⅠ) エコロデュエル
47%
5月5日 かしわ記念(JpnⅠ) シャマル
47%
京都新聞杯(GⅡ) ショウヘイ
47%
6月25日 さきたま杯(JpnⅠ) シャマル
47%
札幌記念(GⅡ) トップナイフ
47%
神戸新聞杯(GⅡ) エリキング
47%
12月27日 中山大障害(J・GⅠ) エコロデュエル
47%
ホープフルS(GⅠ) ロブチェン
47%
京都金杯(GⅢ) サクラトゥジュール
42%
3月1日 オーシャンS(GⅢ) ママコチャ
42%
3月9日 弥生賞(GⅡ) ファウストラーゼン
42%
5月6日 名古屋グランプリ(JpnⅡ) サンライズジパング
42%
目黒記念(GⅡ) アドマイヤテラ
42%
しらさぎS(GⅢ) キープカルム
42%
東海S(GⅢ) ヤマニンウルス
42%
マイルチャンピオンシップ南部杯(JpnⅠ) ウィルソンテソーロ
42%
阪神ジュベナイルF(GⅠ) スターアニス
42%
阪神C(GⅡ) ルガル
42%
1月5日 中山金杯(GⅢ) アルナシーム
37%
日経新春杯(GⅡ) ロードデルレイ
37%
プロキオンS(GⅡ) サンデーファンデー
37%
小倉大賞典(GⅢ) ロングラン
37%
3月2日 中山記念(GⅡ) シックスペンス
37%
3月8日 中山牝馬S(GⅢ) シランケド
37%
3月16日 スプリングS(GⅡ) ピコチャンブラック
37%
マイラーズC(GⅡ) ロングラン
37%
5月3日 京王杯スプリングC(GⅡ) トウシンマカオ
37%
8月3日 アイビスサマーダッシュ(GⅢ) ピューロマジック
37%
8月31日 新潟記念(GⅢ) シランケド
37%
10月18日 富士S(GⅡ) ガイアフォース
37%
11月15日 武蔵野S(GⅢ) ルクソールカフェ
37%
12月21日 朝日杯フューチュリティS(GⅠ) カヴァレリッツォ
37%
きさらぎ賞(GⅢ) サトノシャイニング
32%
2月11日 クイーン賞(JpnⅢ) オーサムリザルト
32%
京都記念(GⅡ) ヨーホーレイク
32%
阪急杯(GⅢ) カンチェンジュンガ
32%
チューリップ賞(GⅡ) クリノメイ
32%
フィリーズレビュー(GⅡ) ショウナンザナドゥ
32%
3月29日 日経賞(GⅡ) マイネルエンペラー
32%
毎日杯(GⅢ) ファンダム
32%
チャーチルダウンズC(GⅢ) ランスオブカオス
32%
6月29日 ラジオNIKKEI賞(GⅢ) エキサイトバイオ
32%
8月28日 ブリーダーズゴールドカップ(JpnⅢ) ライオットガール
32%
セントウルS(GⅡ) カンチェンジュンガ
32%
10月12日 アイルランドT(GⅡ) ラヴァンダ
32%
11月29日 京都2歳S(GⅢ) ジャスティンビスタ
32%
1月19日 京成杯(GⅢ) ニシノエージェント
26%
1月25日 小倉牝馬S(GⅢ) フェアエールング
26%
2月6日 佐賀記念(JpnⅢ) メイショウフンジン
26%
3月12日 ダイオライト記念(JpnⅡ) セラフィックコール
26%
4月3日 兵庫女王盃(JpnⅢ) テンカジョウ
26%
5月14日 エンプレス杯(JpnⅡ) テンカジョウ
26%
新潟大賞典(GⅢ) シリウスコルト
26%
5月24日 平安S(GⅢ) アウトレンジ
26%
6月14日 東京ジャンプS(J・GⅢ) ジューンベロシティ
26%
函館スプリントS(GⅢ) カピリナ
26%
9月6日 京成杯オータムH(GⅢ) ホウオウラスカーズ
26%
10月13日 スワンS(GⅡ) オフトレイル
26%
10月19日 東京ハイジャンプ(J・GⅡ) ジューンベロシティ
26%
JBCレディスクラシック(JpnⅠ) アンモシエラ
26%
11月9日 アルゼンチン共和国杯(GⅡ) ミステリーウェイ
26%
デイリー杯2歳S(GⅡ) アドマイヤクワッズ
26%
12月6日 ステイヤーズS(GⅡ) ホーエリート
26%
2月24日 かきつばた記念(JpnⅢ) ロードフォンス
21%
3月22日 フラワーC(GⅢ) レーゼドラマ
21%
4月5日 ダービー卿チャレンジT(GⅢ) トロヴァトーレ
21%
4月12日 ニュージーランドT(GⅡ) イミグラントソング
21%
5月10日 エプソムC(GⅢ) セイウンハーデス
21%
函館2歳S(GⅢ) エイシンディード
21%
7月27日 関屋記念(GⅢ) カナテープ
21%
8月16日 新潟ジャンプS(J・GⅢ) インプレス
21%
中京2歳S(GⅢ) キャンディード
21%
札幌2歳S(GⅢ) ショウナンガルフ
21%
9月13日 チャレンジC(GⅢ) オールナット
21%
9月20日 阪神ジャンプS(J・GⅢ) ネビーイーム
21%
9月27日 シリウスS(GⅢ) ホウオウルーレット
21%
10月5日 毎日王冠(GⅡ) レーベンスティール
21%
京都大賞典(GⅡ) ディープモンスター
21%
11月1日 ファンタジーS(GⅢ) フェスティバルヒル
21%
11月3日 JBC2歳優駿(JpnⅢ) タマモフリージア
21%
11月26日 浦和記念(JpnⅡ) ホウオウルーレット
21%
12月17日 全日本2歳優駿(JpnⅠ) パイロマンサー
21%
1月13日 シンザン記念(GⅢ) リラエンブレム
16%
1月22日 ブルーバードカップ(JpnⅢ) メルキオル
16%
※同着 シンティレーション
16%
シルクロードS(GⅢ) エイシンフェンサー
16%
ファルコンS(GⅢ) ヤンキーバローズ
16%
3月30日 マーチS(GⅢ) ブライアンセンス
16%
福島牝馬S(GⅢ) アドマイヤマツリ
16%
6月22日 府中牝馬S(GⅢ) セキトバイースト
16%
7月6日 北九州記念(GⅢ) ヤマニンアルリフラ
16%
7月9日 スパーキングレディーカップ(JpnⅢ) フェブランシェ
16%
7月20日 小倉記念(GⅢ) イングランドアイズ
16%
クイーンS(GⅢ) アルジーヌ
16%
8月9日 エルムS(GⅢ) ペリエール
16%
8月24日 新潟2歳S(GⅢ) リアライズシリウス
16%
10月11日 サウジアラビアロイヤルC(GⅢ) エコロアルバ
16%
10月25日 アルテミスS(GⅢ) フィロステファニ
16%
JBCスプリント(JpnⅠ) ファーンヒル
16%
11月8日 京王杯2歳S(GⅡ) ダイヤモンドノット
16%
11月24日 東スポ杯2歳S(GⅡ) パントルナイーフ
16%
12月14日 カペラS(GⅢ) テーオーエルビス
16%
12月25日 兵庫ゴールドトロフィー(JpnⅢ) ハッピーマン
16%
小倉ジャンプS(J・GⅢ) スマイルスルー
11%
阪神牝馬S(GⅡ) サフィラ
11%
5月1日 兵庫チャンピオンシップ(JpnⅡ) マテンロウコマンド
11%
ユニコーンS(GⅢ) カナルビーグル
11%
5月31日 葵S(GⅢ) アブキールベイ
11%
6月18日 関東オークス(JpnⅡ) メモリアカフェ
11%
函館記念(GⅢ) ヴェローチェエラ
11%
7月13日 七夕賞(GⅢ) コスモフリーゲン
11%
7月21日 マーキュリーカップ(JpnⅢ) カズタンジャー
11%
8月10日 レパードS(GⅢ) ドンインザムード
11%
CBC賞(GⅢ) インビンシブルパパ
11%
8月11日 クラスターカップ(JpnⅢ) サンライズアムール
11%
8月14日 北海道スプリントカップ(JpnⅢ) ヤマニンチェルキ
11%
9月4日 サマーチャンピオン(JpnⅢ) ヤマニンチェルキ
11%
9月7日 紫苑S(GⅡ) ケリフレッドアスク
11%
10月9日 東京盃(JpnⅡ) ヤマニンチェルキ
11%
11月27日 兵庫ジュニアグランプリ(JpnⅡ) トウカイマシェリ
11%
京阪杯(GⅢ) エーティーマクフィ
11%
12月13日 中日新聞杯(GⅢ) シェイクユアハート
11%
12月20日 ターコイズS(GⅢ) ドロップオブライト
11%
12月24日 名古屋大賞典(JpnⅢ) アピーリングルック
11%
2月19日 雲取賞(JpnⅢ) ジャナドリア
5%
3月15日 阪神スプリングジャンプ(J・GⅡ) ヴェイルネビュラ
5%
愛知杯(GⅢ) ワイドラトゥール
5%
4月16日 東京スプリント(JpnⅢ) エートラックス
5%
5月17日 京都ハイジャンプ(J・GⅡ) アンクルブラック
5%
8月17日 中京記念(GⅢ) マピュース
5%
9月23日 テレ玉杯オーバルスプリント(JpnⅢ) サンライズフレイム
5%
9月30日 白山大賞典(JpnⅢ) ジャスパーロブスト
5%
10月2日 マリーンカップ(JpnⅢ) プラウドフレール
5%
10月7日 レディスプレリュード(JpnⅡ) ビヨンドザヴァレー
5%
10月30日 エーデルワイス賞(JpnⅢ) リュウノフライト
5%
京都ジャンプS(J・GⅢ) ローディアマント
5%
11月22日 福島記念(GⅢ) ニシノティアモ
5%
鳴尾記念(GⅢ) デビットバローズ
5%
No matching quizzes found
Score Distribution
Percent of People with Each Score
Percentile by Number Answered
Your Score History
You have not taken this quiz